00721cam a2200205 a 450000100100000000500170001000800410002702000150006804000250008308200170010810000230012524500620014826000290021030000170023950000450025650000530030150400740035465000480042865000390047600001544520200929164037.0961204r19931993sp b 001 0 spa  a842491483X aDO-SdBNPbspacBNPHU a860.9bA339h1 aAlborg, Juan Luis.10aHistoria de la literatura española /cJuan Luis Alborg. aMadrid :bGredos,c1993. av. ;c25 cm. aLa biblioteca sólo posee el volumen 3. aSéptima reimpresión de la primera edición. aIncluye referencias bibliográficas y notas al pie de las páginas. 4aLiteratura españolaxHistoria y crítica 4aLiteratura españolaySIGLO XVIII